[Event "WC-2021-T-00001"]
[Site "LSS email"]
[Date "2021.10.23"]
[Round "?"]
[White "Kovacs, Arthur"]
[Black "Bubir, Alex"]
[Result "0-1"]
[WhiteElo "2472"]
[BlackElo "2490"]
[PlyCount "38"]
[EventDate "2021.10.23"]
[EventType "tourn (corr)"]
[EventRounds "10"]
[EventCountry "GER"]
[SourceTitle "Corr 2024"]
[Source "ChessBase"]
[SourceDate "2023.10.19"]
[SourceVersion "1"]
[SourceVersionDate "2023.10.19"]
[SourceQuality "1"]

1. e4 c5 2. Nf3 Nc6 3. d4 cxd4 4. Nxd4 Nf6 5. Nc3 e5 6. Ndb5 d6 7. Nd5 Nxd5 8. exd5 Nb8 9. a4 Be7 10. Be2 0-0 11. 0-0 Nd7 12. Kh1 a6 13. Na3 f5 14. f4 exf4 15. Bxf4 Nc5 16. Nc4 a5 17. Re1 b6 18. Bd3 Rf7 19. h3 Ba6 0-1

[Event "WC-2020-S-00001"]
[Site "LSS email"]
[Date "2020.06.09"]
[Round "?"]
[White "Kovacs, Arthur"]
[Black "Ulasevich, Sergey"]
[Result "1/2-1/2"]
[WhiteElo "2486"]
[BlackElo "2527"]
[PlyCount "68"]
[EventDate "2020.06.09"]
[EventType "tourn (corr)"]
[EventRounds "12"]
[EventCountry "GER"]
[SourceTitle "Corr 2024"]
[Source "ChessBase"]
[SourceDate "2023.10.19"]
[SourceVersion "1"]
[SourceVersionDate "2023.10.19"]
[SourceQuality "1"]

1. d4 Nf6 2. c4 g6 3. Nc3 Bg7 4. Nf3 0-0 5. e4 d6 6. Be2 e5 7. 0-0 Nc6 8. d5 Ne7 9. b4 Nh5 10. c5 Nf4 11. Re1 Nxe2+ 12. Qxe2 h6 13. a4 f5 14. Qc4 g5 15. exf5 Nxf5 16. Be3 Qe8 17. h3 Qf7 18. Rad1 a6 19. b5 axb5 20. axb5 Qg6 21. Ne4 g4 22. hxg4 Nxe3 23. Rxe3 Bxg4 24. Nh4 Qh5 25. f3 Bh3 26. g3 Bf6 27. Nxf6+ Rxf6 28. Kh1 b6 29. cxb6 cxb6 30. Qc7 Rc8 31. Qe7 Rcf8 32. Rc1 Qg5 33. Ree1 Bg4 34. Rc7 R8f7 1/2-1/2

[Event "WC-2019-S-00001"]
[Site "LSS email"]
[Date "2019.08.28"]
[Round "?"]
[White "Claridge, John"]
[Black "Kovacs, Arthur"]
[Result "1/2-1/2"]
[WhiteElo "2488"]
[BlackElo "2487"]
[PlyCount "87"]
[EventDate "2019.09.01"]
[EventType "tourn (corr)"]
[EventRounds "12"]
[EventCountry "GER"]
[SourceTitle "Corr 2024"]
[Source "ChessBase"]
[SourceDate "2023.10.19"]
[SourceVersion "1"]
[SourceVersionDate "2023.10.19"]
[SourceQuality "1"]

1. d4 d5 2. c4 e6 3. Nc3 Nf6 4. cxd5 exd5 5. Bg5 Be7 6. e3 0-0 7. Bd3 Nbd7 8. Nge2 Re8 9. Qc2 c6 10. 0-0 Nf8 11. f3 g6 12. Rad1 Ne6 13. Bh4 b5 14. Qc1 Bb7 15. Nf4 Nxf4 16. exf4 Qb6 17. Bf2 Bd6 18. f5 Nh5 19. g3 Bc8 20. Rfe1 Rxe1+ 21. Rxe1 Bd7 22. Kg2 Qc7 23. Ne2 Bxf5 24. Bxf5 gxf5 25. Qc2 Qd7 26. Nc1 Ng7 27. Nd3 Re8 28. Rc1 Rc8 29. Qd2 Ne6 30. Qh6 Qd8 31. Be3 a6 32. Kf2 a5 33. Kg2 Bf8 34. Qh3 Ng7 35. Qh6 Qe8 36. Bf2 Qe6 37. Qd2 a4 38. Rc2 Qf6 39. Qa5 Ne6 40. Ne5 Nd8 41. Qa6 Qe6 42. Nd3 Rc7 43. Nf4 Qe7 44. Qa8 1/2-1/2

[Event "WC-2019-S-00001"]
[Site "LSS email"]
[Date "2019.08.28"]
[Round "?"]
[White "Kovacs, Arthur"]
[Black "Bubir, Alex"]
[Result "1/2-1/2"]
[WhiteElo "2487"]
[BlackElo "2496"]
[PlyCount "54"]
[EventDate "2019.09.01"]
[EventType "tourn (corr)"]
[EventRounds "12"]
[EventCountry "GER"]
[SourceTitle "Corr 2024"]
[Source "ChessBase"]
[SourceDate "2023.10.19"]
[SourceVersion "1"]
[SourceVersionDate "2023.10.19"]
[SourceQuality "1"]

1. d4 Nf6 2. c4 e6 3. Nf3 d5 4. g3 dxc4 5. Bg2 a6 6. 0-0 Nc6 7. e3 Bd7 8. Qe2 Bd6 9. Qxc4 0-0 10. Nbd2 Rc8 11. Nb3 Qe7 12. Bd2 Nb8 13. Rfc1 Bc6 14. Be1 Rfe8 15. Qe2 Bd5 16. Rc2 Nbd7 17. Rd1 c5 18. Nxc5 Nxc5 19. Rdc1 Rc6 20. dxc5 Rxc5 21. Rxc5 Bxc5 22. Ne5 Bd6 23. Nc4 Bxg2 24. Kxg2 Rc8 25. Bc3 Nd5 26. Nxd6 Qxd6 27. Be5 Qd7 1/2-1/2

[Event "WC-2019-S-00001"]
[Site "LSS email"]
[Date "2019.08.28"]
[Round "?"]
[White "Kuhne, Detlev"]
[Black "Kovacs, Arthur"]
[Result "1/2-1/2"]
[WhiteElo "2454"]
[BlackElo "2487"]
[PlyCount "63"]
[EventDate "2019.09.01"]
[EventType "tourn (corr)"]
[EventRounds "12"]
[EventCountry "GER"]
[SourceTitle "Corr 2024"]
[Source "ChessBase"]
[SourceDate "2023.10.19"]
[SourceVersion "1"]
[SourceVersionDate "2023.10.19"]
[SourceQuality "1"]

1. d4 d5 2. c4 e6 3. Nc3 Nf6 4. cxd5 exd5 5. Bg5 Be7 6. e3 0-0 7. Bd3 Nbd7 8. Nge2 Re8 9. 0-0 c6 10. Qc2 Nf8 11. f3 g6 12. Bh4 Ne6 13. Rad1 b5 14. Nc1 a5 15. Rfe1 Qc7 16. Qf2 Bb7 17. Kh1 Rac8 18. Nb3 Qd8 19. Rf1 Ra8 20. e4 a4 21. Nc1 Kh8 22. Qg1 b4 23. N3e2 Nd7 24. Bxe7 Qxe7 25. Qf2 Nb6 26. Rfe1 c5 27. exd5 Nxd5 28. Kg1 Qc7 29. Bb5 Red8 30. dxc5 Qxc5 31. Qxc5 Nxc5 32. Kf2 1/2-1/2

[Event "OP-2019-0-04750"]
[Site "LSS email"]
[Date "2019.03.16"]
[Round "?"]
[White "Kovacs, Arthur"]
[Black "Enev, Zlatko"]
[Result "1-0"]
[WhiteElo "2487"]
[BlackElo "2214"]
[PlyCount "77"]
[EventDate "2019.03.09"]
[EventType "tourn (corr)"]
[EventRounds "4"]
[EventCountry "GER"]
[SourceTitle "Corr 2022"]
[Source "ChessBase"]
[SourceDate "2021.10.24"]
[SourceVersion "1"]
[SourceVersionDate "2021.10.24"]
[SourceQuality "1"]

1. d4 Nf6 2. Nf3 e6 3. c4 c5 4. d5 d6 5. Nc3 exd5 6. cxd5 Qe7 7. Nd2 Nbd7 8. e4 g6 9. Be2 Bg7 10. 0-0 0-0 11. Re1 a6 12. a4 b6 13. f4 Bb7 14. Bc4 Ne8 15. Nf3 Nc7 16. e5 b5 17. axb5 Nb6 18. f5 Nxc4 19. f6 Bxf6 20. exf6 Qxf6 21. bxa6 Bxa6 22. Bg5 Qf5 23. Ne4 f6 24. Nh4 Qxd5 25. Nxf6+ Rxf6 26. Bxf6 Qxd1 27. Raxd1 Kf7 28. Bc3 Nb5 29. Nf3 Nxc3 30. Ng5+ Kg7 31. bxc3 h6 32. Ne6+ Kf7 33. Nc7 Ra7 34. Rf1+ Kg8 35. Nxa6 Rxa6 36. Rf4 Ne3 37. Rd3 g5 38. Re4 Nf5 39. Rf3 1-0

[Event "OP-2019-0-04750"]
[Site "LSS email"]
[Date "2019.03.16"]
[Round "?"]
[White "Perez, Fanta"]
[Black "Kovacs, Arthur"]
[Result "0-1"]
[WhiteElo "1738"]
[BlackElo "2487"]
[PlyCount "44"]
[EventDate "2019.03.09"]
[EventType "tourn (corr)"]
[EventRounds "4"]
[EventCountry "GER"]
[SourceTitle "Corr 2022"]
[Source "ChessBase"]
[SourceDate "2021.10.24"]
[SourceVersion "1"]
[SourceVersionDate "2021.10.24"]
[SourceQuality "1"]

1. e4 e5 2. Nf3 Nc6 3. Bb5 a6 4. Ba4 Nf6 5. 0-0 b5 6. Bb3 Bb7 7. d3 Bc5 8. Nc3 0-0 9. a4 Na5 10. axb5 Nxb3 11. cxb3 axb5 12. Rxa8 Bxa8 13. Nxe5 d5 14. Bg5 Be7 15. Nxb5 h6 16. Bxf6 Bxf6 17. Ng4 dxe4 18. Nxf6+ Qxf6 19. Nxc7 Rd8 20. Qd2 Rxd3 21. Qb4 Bc6 22. Nb5 e3 0-1